000 00703nam a2200217 i 4500
001 30014
003 ES-MaACL
005 20250808062528.0
007 t|
008 030123s1958 sp ||||1| spa d
100 1 _aBarrett, William Edmund.
_925965
245 1 0 _aEncrucijada diabólica /
_cWilliam Edmund Barrett ; versión española de Magdalena Gálligo ; prólogo de Félix López de Munain.
260 _aSan Sebastián :
_bDinor,
_c1958 (
_fAldecoa)
300 _a405 p. ;
_c19 cm.
490 1 _aPrisma
700 1 _aGalligo, Magdalena.
_953627
700 1 _aLópez de Munain, Félix.
_973574
830 0 0 _aPrisma
_9180749
852 _aES-MaACL
_jC-14266
_bR.41838
999 _c30014
_d30014